000 00872nam a2200265Ia 4500
003 OSt
005 20220923211438.0
006 a|||||r|||| 00| 0
007 ta
008 220922b |||||||| |||| 00| 0 hin d
020 _a9789350007266 (hbk)
_c250
024 _a282,921
037 _b317, 10/01/2015, Vani Prakashan
_cTextual
040 _aARTS
_cARTS
_bhin
041 _2hin
_ahin
082 _aY5927, 152Q1
100 _aओमवेट, गेल
245 0 _aदलित दृष्टि
246 _aDalit dṛuṣhṭi
260 _aनयी दिल्ली
_b वाणी प्रकाशन
_c2011
300 _a111पृ.
_ccm.
650 _aभारतीय-लोक साहित्य
942 _hY5927, 152Q1
_cTEXL
_2CC
999 _c299621
_d299621